000 00552cam2a220019300 4500
001 qce01319686
005 20190822124256.0
008 801201c19761970bcc 000 0 eng d
035 _a(Sirsi) r9776
035 _a(QCAT)lss02941417
035 _a(UPRA)qce01319686
040 _dUPRA
100 1 _aRyga, George.
_6A63097.1
245 1 0 _aGeorge Ryga's The ecstasy of Rita Joe.
260 _aVancouver :
_bTalonbooks,
_c1976, c1970.
740 4 _aThe ecstasy of Rita Joe.
949 _aPR9199.3.R9
_wlcc
_i-1285
_mMAIN
_tBOOK
_lON-SHELF
004 9776
999 _c136707
_d136707